[Event "Vina del Mar CEPA 6th"]
[Site "Vina del Mar"]
[Date "2018.05.26"]
[Round "2.4"]
[White "Bustamante Cruz, Cristian"]
[Black "Norero Valenzuela, Renato"]
[Result "0-1"]
[WhiteElo "1814"]
[BlackElo "1447"]
[PlyCount "70"]
[EventDate "2018.05.25"]
[EventType "swiss"]
[EventRounds "5"]
[EventCountry "CHI"]
[SourceTitle "EXT 2024"]
[Source "ChessBase"]
[SourceDate "2023.10.10"]
[SourceVersion "1"]
[SourceVersionDate "2023.10.10"]
[SourceQuality "1"]

1. d4 d5 2. c4 c6 3. Nf3 Nf6 4. Nc3 g6 5. Bg5 Bg7 6. e3 0-0 7. cxd5 cxd5 8. Bd3 a6 9. Rc1 Nbd7 10. 0-0 b5 11. Qb3 Nb6 12. a4 bxa4 13. Nxa4 Nxa4 14. Qxa4 Bd7 15. Qa2 Bb5 16. Ne5 Bxd3 17. Nxd3 Ne4 18. Bf4 g5 19. Bc7 Qd7 20. Nc5 Nxc5 21. Rxc5 Rfc8 22. Rfc1 e6 23. Qa5 Bf8 24. Rc6 Rab8 25. R1c2 Bb4 26. Qa4 Rxc7 27. Qxa6 Ra7 28. Qf1 Rba8 29. g3 Ra1 30. Rc1 Rxc1 31. Qxc1 Qe7 32. Kg2 h6 33. Rc7 Qf6 34. h4 g4 35. e4 Qf3+ 0-1